| 000 | 01209nam a22002777a 4500 | ||
|---|---|---|---|
| 003 | BD-DhSAU | ||
| 005 | 20220926163259.0 | ||
| 008 | 150612b2021 bg ad||| m||| 00| 0 eng d | ||
| 040 | _aBD-DhSAU | ||
| 082 |
_222 _a595.7 _bSh38 |
||
| 100 |
_aShefa, Sadia Afrin _eRegistration no. # 14-06066 |
||
| 245 |
_aEffect of insecticide application timing on pollinator diversity in mustard field bordered by attractant crop / _bMS thesis _cSadia Afrin Shefa |
||
| 260 |
_aSher-e-Bangla Agricultural Uniersity : _bDepartment of Entomology, _cJune, 2021. |
||
| 300 |
_aviii, 49 p. : _bill. ; _c30 cm. |
||
| 500 | _aMS thesis of Department of Entomology, Faculty of Agriculture, Sher-e-Bangla Agricultural University, Dhaka, Bangladesh | ||
| 504 | _aIncludes bibliographical reference. | ||
| 590 | _aKobir | ||
| 650 | _aEntomology | ||
| 650 | _aPollinator diversity | ||
| 650 | _aMustard field | ||
| 650 | _aAttractant crop | ||
| 700 |
_aHossain, Mohammed Sakhawat _eSuperviser |
||
| 700 |
_aRahman, Md. Mizanur _eCo-superviser |
||
| 856 | _uhttp://archive.saulibrary.edu.bd:8080/xmlui/handle/123456789/3858 | ||
| 942 |
_2ddc _cTHESIS |
||
| 999 |
_c16059 _d16058 |
||